000 00755nam a22002777a 4500
001 BR2016000041
003 BR-BrBNA
005 20230928104752.0
007 ta
008 230509b bl.||||| |||| 00| 0 por d
040 _aBR-BrBNA
_bpor
_cBiblioteca Nacional de Agricultura
041 _a(Por)
072 _aE16; E70; E71
090 _ E16 BR2016000041
110 1 _aGazeta do Povo, Curitiba, PR (Brasil)
_95226
245 1 _aRelatório Técnico 2014/2015
260 3 _aCuritiba, PR (Brasil):
_c2014.
300 _a72 p.
500 _a71 illus.; 20 graphs.; 23 tables
650 _aCOMERCIALIZAÇÃO
650 _aPRODUÇÃO VEGETAL
650 _aPRODUTIVIDADE
650 _aSAFRA
909 _a202309
_bLucia
_c55
_dLucia Elande
942 _cBK
999 _c81660
_d81660